000 00233nam a2200097Ia 4500
001 916951
005 20250826185903.0
008 250824s9999 xx 000 0 und d
245 0 _aDON KİŞOT
_cROGER GARAUDY
260 _bTEDEV YAYINLARI
999 _c916951
_d916951